Zawodnicy High League (1-2) - Statystyki

Ogólne statystyki
  • Ten quiz został rozwiązany 523 razy
  • Średni wynik to 18 z 33
Statystyki odpowiedzi
Zawodnicy % Poprawnych
Lexy Chaplin
93%
Natalia "Natsu" Karczmarczyk
91%
Agata "Fagata" Fąk
75%
Aniela "Lil Masti" Bogusz
70%
Jakub Nowaczkiewicz
63%
Jakub Nowaczkiewicz
63%
Mateusz "Mini Majk" Krzyżanowski
63%
Michał "Owca WK" Owczarzak
61%
Jarosław "pashaBiceps" Jarząbkowski
60%
Maciej "Big Jack" Jarema
59%
Maciej "Big Jack" Jarema
59%
Alan "Alanik" Kwieciński
57%
Denis "Bad Boy" Załęcki
57%
Jakub "Japczan" Piotrowicz
56%
Przemysław "Kolar" Kolarczyk
56%
Hubert "Dredziasty" Węzka
55%
Joseph "Josef Bratan" Simao
52%
Piotr "Bonus BGC" Witczak
52%
Jakub "Carlito" Olewiński
49%
Mateusz "Tarzan" Leśniak
49%
Norbert "Dis" Gierczak
48%
Gabriel Tadeusz "Cesarz Narcyz" Bystrzycki
47%
Konrad Karwat
46%
Maciej "Zony" Zoniuk
46%
Piotr "Edzio" Bylina
45%
Łukasz "Lukas TV" Wdowiak
44%
Adrian "Medusa" Salamon
43%
Piotr "czuuX" Czupryn
43%
Kamil Kossakowski
40%
Maciej Rataj
40%
Sebastian "Bunio" Szabunio
39%
Lexy Chaplin
35%
Ewa "Kleo" Brodnicka
8%
Nie znaleziono quizów pasujących do podanych kryteriów
Rozkład punktacji
Procent ludzi z każdym wynikiem
Percentyl według liczby udzielonych odpowiedzi
Twoja historia wyników
Nie rozwiązałeś tego quizu